La Cooperación provincial : auxilios estatales para establecer servicios municipales / por Luis Marqués Carbó auxilios estatales para establecer servicios municipales / por Luis Marqués Carbó
Descripción Física:
98 p. ; 22 cm
MARC
| LEADER | 00000nam a2200000Ia 4500 | ||
|---|---|---|---|
| 001 | 11582 | ||
| 008 | 160829s1954 xx 000 0 cat d | ||
| 080 | |a M-2-208 | ||
| 100 | |a Marqués Carbó, Luis |9 24231 | ||
| 245 | |a La Cooperación provincial : |b auxilios estatales para establecer servicios municipales / por Luis Marqués Carbó | ||
| 260 | |a Barcelona : |b Sugrañes, |c 1954 | ||
| 300 | |a 98 p. ; |c 22 cm | ||
| 650 | |a Serveis municipals |x Espanya |9 24232 | ||
| 650 | 0 | |a Administració provincial |z Espanya |9 3648 | |
| 901 | |a Arxiu | ||
| 942 | |n 1 | ||
| 952 | |0 0 |1 0 |4 0 |6 M2208 |7 1 |9 43030 |a Arxiu |b Arxiu |d 2016-12-01 |l 0 |o M-2-208 |p 11582 |r 2016-12-01 00:00:00 |w 2016-12-01 |y ARXIU | ||
| 999 | |c 45573 |d 45573 | ||